| 000 | 00365nam a2200145Ia 4500 | ||
|---|---|---|---|
| 008 | 230312s9999||||xx |||||||||||||| ||und|| | ||
| 082 |
_a791.43096 _bARM-A |
||
| 100 | _aArmes,Roy | ||
| 245 | 0 | _aAfrican Filmmaking | |
| 260 |
_bBookman _aLahore _c2006 |
||
| 300 | _a224 | ||
| 546 | _aEng. | ||
| 650 |
_aMass com _vIntroduction , Beginning , Exemplary Tales |
||
| 942 | _cBK | ||
| 999 |
_c135 _d135 |
||